Algebra for college students

Bibliographic Details
Main Author: Lial, Margaret L.
Format: Book
Published: Reading : Addison-wesley , 2000
Edition:4th ed.
Subjects:

MARC

LEADER 00000cam a2200000 7i4500
001 0000011073
005 20050422.0
020 |a 0321036476 
040 |a INS 
090 0 0 |a QA154.2.   |b L495 2000 
100 1 |a Lial, Margaret L. 
245 1 0 |a Algebra for college students   |c Margaret L. Lial 
250 |a 4th ed. 
260 |a Reading :   |b Addison-wesley ,   |c 2000 
300 |a Valioue paging :   |b 26cm 
650 0 0 |a Algebra 
999 |a 0000010656   |b BOOK   |c Open Shelf   |e Default branch